[Event "Campeonato Individual para Veteranos 65 de Madrid 2024-2025"]
[Site "Madrid ESP"]
[Date "2025.05.22"]
[Round "4.18"]
[White "Poblador Dieguez, Alfredo"]
[Black "Benito Mellado, Humberto"]
[Result "1-0"]
[WhiteElo "1698"]
[BlackElo "1615"]
[PlyCount "89"]
[GameId "2180412459172353"]
[EventDate "2025.05.19"]

1. d4 d5 2. c4 e6 3. c5 g6 4. Bf4 Bg7 5. e3 Nd7 6. Nf3 Ngf6 7. h3 O-O 8. Qc2 c6 9. Bd3 Re8 10. O-O Nh5 11. Bd6 e5 12. Be2 e4 13. Nh2 Nhf6 14. Nd2 Nf8 15. b4 b6 16. a4 Ne6 17. Be5 bxc5 18. bxc5 Qd7 19. f3 Ng5 20. h4 exf3 21. Nhxf3 Nge4 22. Ng5 h5 23. Ndxe4 Nxe4 24. Bf4 Qe7 25. Nf3 f6 26. Bd3 Bf5 27. Kh2 Qe6 28. Rfe1 Kh7 29. Rab1 Re7 30. Nd2 Nf2 31. Bxf5 gxf5 32. g3 Bh6 33. Bxh6 Kxh6 34. Nf1 Ne4 35. Qe2 Qg8 36. Qf3 Qg4 37. Qf4+ Qxf4 38. exf4 Rg7 39. Rb2 Rag8 40. Rb3 Nd2 41. Nxd2 Rd7 42. Nf1 Kg7 43. Reb1 Re8 44. Rb7 Rxb7 45. Rxb7+ 1-0

[Event "Campeonato Individual para Veteranos 65 de Madrid 2024-2025"]
[Site "Madrid ESP"]
[Date "2025.05.22"]
[Round "4.19"]
[White "Alonso Ibanez, Jose"]
[Black "Martinez Miura, Enrique"]
[Result "1/2-1/2"]
[WhiteElo "1569"]
[BlackElo "1680"]
[PlyCount "53"]
[GameId "2180381192491158"]
[EventDate "2025.05.19"]

1. e4 e6 2. d4 d5 3. Nc3 dxe4 4. Nxe4 Nd7 5. Bd3 Be7 6. Ne2 Ngf6 7. O-O Nxe4 8. Bxe4 Nf6 9. Bf3 O-O 10. Bd2 Rb8 11. Re1 b6 12. c4 c5 13. Bc3 Bb7 14. Bxb7 Rxb7 15. Qd3 Rd7 16. Rad1 cxd4 17. Nxd4 Re8 18. Qe2 Bc5 19. Nc6 Qc7 20. Rxd7 Nxd7 21. Ne5 Nxe5 22. Bxe5 Bd6 23. Bxd6 Qxd6 24. Rd1 Qc5 25. Qd3 h6 26. b3 a5 27. Qd6 1/2-1/2

[Event "Campeonato Individual para Veteranos 65 de Madrid 2024-2025"]
[Site "Madrid ESP"]
[Date "2025.05.22"]
[Round "4.20"]
[White "Lopez Manso, Jeronimo"]
[Black "Salgado Duarte, Pablo"]
[Result "1-0"]
[WhiteElo "1547"]
[BlackElo "1618"]
[PlyCount "71"]
[GameId "2180388280959171"]
[EventDate "2025.05.19"]

1. f4 d5 2. Nf3 Nf6 3. e3 Nc6 4. b3 a6 5. Bb2 e6 6. c4 Be7 7. h3 h6 8. g4 Rg8 9. d3 dxc4 10. bxc4 Bc5 11. d4 Bb4+ 12. Bc3 Qe7 13. a3 Ba5 14. Qd3 Bxc3+ 15. Nxc3 g6 16. Nd2 Bd7 17. Bg2 Nh7 18. O-O O-O-O 19. e4 Qd6 20. Nb3 Qe7 21. d5 Nb8 22. Qd4 Qh4 23. Nc5 Qf6 24. e5 Qe7 25. d6 cxd6 26. exd6 Bc6 27. N5e4 Qd7 28. Rfd1 Bxe4 29. Nxe4 Nc6 30. Qb6 Kb8 31. Nc5 Qc8 32. Nxa6+ Ka8 33. Nc5 Rge8 34. d7 Qb8 35. dxe8=Q Rxe8 36. Rd7 1-0

[Event "Campeonato Individual para Veteranos 65 de Madrid 2024-2025"]
[Site "Madrid ESP"]
[Date "2025.05.26"]
[Round "5.1"]
[White "Garcia Galeote, Lorenzo"]
[Black "Pastor Alonso De Prado, Alberto"]
[Result "1/2-1/2"]
[WhiteElo "1894"]
[BlackElo "1977"]
[PlyCount "59"]
[GameId "2181872460546117"]
[EventDate "2025.05.19"]

1. Nf3 b6 2. g3 Bb7 3. Bg2 c5 4. O-O g6 5. c4 Bg7 6. Nc3 Nf6 7. e4 Nxe4 8. d4 cxd4 9. Nxe4 Bxe4 10. Re1 d5 11. cxd5 Bxd5 12. Bg5 Nc6 13. Rc1 f6 14. Bf4 e5 15. Rxc6 Bxc6 16. Nxe5 fxe5 17. Bxc6+ Kf8 18. Bxa8 Qxa8 19. Bxe5 Qd5 20. Qb3 Qxb3 21. axb3 Kf7 22. Bxg7 Kxg7 23. Re4 Rd8 24. Kf1 Rd5 25. Ke2 Rb5 26. Rxd4 Rxb3 27. Rd7+ Kf6 28. Rxa7 Rxb2+ 29. Ke3 h5 30. h4 1/2-1/2

[Event "Campeonato Individual para Veteranos 65 de Madrid 2024-2025"]
[Site "Madrid ESP"]
[Date "2025.05.26"]
[Round "5.2"]
[White "Fernandez Garcia, Ignacio"]
[Black "Martin Martin, Luis Vicente"]
[Result "0-1"]
[WhiteElo "1818"]
[BlackElo "1958"]
[PlyCount "62"]
[GameId "2181888424194154"]
[EventDate "2025.05.19"]

1. d4 d5 2. Nf3 Nf6 3. e3 Bf5 4. Be2 h6 5. Nbd2 e6 6. Nf1 c5 7. c3 Nc6 8. Ng3 Bh7 9. Bd3 Ne4 10. O-O Bd6 11. dxc5 Bxc5 12. Qc2 Nxg3 13. hxg3 Bxd3 14. Qxd3 O-O 15. b4 Bd6 16. a4 Ne5 17. Nxe5 Bxe5 18. Bb2 Rc8 19. Rac1 Rc4 20. Rc2 Qc7 21. Rfc1 Rc8 22. Qd2 a6 23. Qd3 h5 24. f4 Bf6 25. Qe2 g6 26. g4 hxg4 27. Qxg4 Qc6 28. a5 d4 29. exd4 Bxd4+ 30. Kf1 Be3 31. Qh3 Rxf4+ 0-1

[Event "Campeonato Individual para Veteranos 65 de Madrid 2024-2025"]
[Site "Madrid ESP"]
[Date "2025.05.26"]
[Round "5.3"]
[White "Lorenzo Bailador, Alfredo"]
[Black "Hernandez Gutierrez, Jose"]
[Result "1/2-1/2"]
[WhiteElo "1968"]
[BlackElo "1809"]
[PlyCount "204"]
[GameId "2181889028788344"]
[EventDate "2025.05.19"]

1. e4 e5 2. Nf3 Nf6 3. d3 Nc6 4. c3 Be7 5. Be2 O-O 6. O-O d5 7. Nbd2 Bg4 8. Qc2 Bh5 9. Re1 dxe4 10. dxe4 Bc5 11. b4 Bd6 12. a4 a6 13. Nc4 h6 14. Nh4 Ne7 15. Bxh5 Nxh5 16. Qe2 Nf6 17. Qf3 Ne8 18. Qg3 Kh7 19. Be3 Qd7 20. Red1 Qe6 21. Nd2 Nf6 22. Qf3 Ng4 23. Nf5 Nxe3 24. Nxe3 f5 25. exf5 Nxf5 26. Qe4 g6 27. Ndc4 Nxe3 28. Nxe3 b5 29. axb5 Qc8 30. bxa6 Rxa6 31. Rxa6 Qxa6 32. g3 Qe2 33. Rf1 h5 34. Qc2 Qxc2 35. Nxc2 Ra8 36. Ne3 Ra3 37. Rc1 Rb3 38. Nc4 Kg7 39. Kf1 Kf6 40. Nxd6 cxd6 41. Ke2 Rb2+ 42. Ke3 d5 43. h4 d4+ 44. cxd4 exd4+ 45. Kxd4 Rxb4+ 46. Kd3 Ra4 47. Rc6+ Kf5 48. f3 Rb4 49. Rc5+ Kf6 50. Rc6+ Kf5 51. Rc5+ Kf6 52. Rc3 Kf5 53. Ke3 Ra4 54. Rc5+ Kf6 55. Rc6+ Kf5 56. Rc5+ Kf6 57. Rd5 Rb4 58. Rd4 Rb3+ 59. Kf4 Rb6 60. Rc4 Ra6 61. Rb4 Rc6 62. Re4 Ra6 63. g4 hxg4 64. Kxg4 Ra5 65. Rf4+ Kg7 66. Rb4 Rf5 67. Rb7+ Kh6 68. Rb6 Ra5 69. Re6 Ra1 70. Re8 Rg1+ 71. Kf4 Rg2 72. Re4 Kh5 73. Re8 Kh6 74. Re5 Rg1 75. Re8 Rg2 76. Rh8+ Kg7 77. Rb8 Kh6 78. Rb5 Rg1 79. Rc5 Rg2 80. Re5 Rg1 81. Ra5 Rg2 82. Rg5 Ra2 83. Kg3 Ra3 84. Re5 Rb3 85. Re2 Ra3 86. Kg4 Ra1 87. Rg2 Ra4+ 88. Kh3 Rf4 89. Kg3 Ra4 90. Re2 Rb4 91. Re1 Ra4 92. Re4 Ra1 93. Rg4 Rb1 94. Kf4 Re1 95. Rg2 Kh5 96. Rg5+ Kh6 97. Re5 Rg1 98. Rg5 Re1 99. Rg2 Kh5 100. Rd2 Rg1 101. Rd8 Kh6 102. Rh8+ Kg7 1/2-1/2

[Event "Campeonato Individual para Veteranos 65 de Madrid 2024-2025"]
[Site "Madrid ESP"]
[Date "2025.05.26"]
[Round "5.4"]
[White "Barahona Torrijos, Angel"]
[Black "Martinez Gallardo, Javier"]
[Result "1-0"]
[WhiteElo "1815"]
[BlackElo "1713"]
[PlyCount "99"]
[GameId "2182019634000002"]
[EventDate "2025.05.19"]

1. d4 Nf6 2. Nf3 e6 3. Bg5 Be7 4. Nbd2 d6 5. e4 O-O 6. Bd3 Nbd7 7. c3 Re8 8. Qc2 Nf8 9. e5 Nd5 10. h4 h6 11. Bxe7 Qxe7 12. g3 f5 13. exf6 Qxf6 14. O-O-O Bd7 15. g4 Nf4 16. Bf1 Bc6 17. g5 Qf5 18. gxh6 Qxc2+ 19. Kxc2 gxh6 20. Rg1+ Kh7 21. Rg4 e5 22. dxe5 dxe5 23. Nxe5 Rxe5 24. Rxf4 Ne6 25. Bd3+ Kh8 26. Rf6 Nc5 27. Rg1 Re6 28. Rxe6 Nxe6 29. Rg6 Nf4 30. Rxh6+ Kg7 31. Rh7+ Kg8 32. Rxc7 Nxd3 33. Kxd3 Rf8 34. f3 Rf4 35. h5 Rh4 36. Ne4 Rh2 37. b3 Rxa2 38. Ke3 Rh2 39. Kf4 Kf8 40. Kg5 Rh3 41. Kg4 Rh2 42. Ng5 Rg2+ 43. Kf5 Rd2 44. Kf6 Ke8 45. h6 Rh2 46. h7 Bd7 47. Rxb7 Rh6+ 48. Kg7 Rh5 49. h8=Q+ Ke7 50. Qf8# 1-0

[Event "Campeonato Individual para Veteranos 65 de Madrid 2024-2025"]
[Site "Madrid ESP"]
[Date "2025.05.26"]
[Round "5.5"]
[White "Perez Agusti, Luis"]
[Black "Martinez De La Puente, Ignacio"]
[Result "1-0"]
[WhiteElo "1916"]
[BlackElo "1786"]
[PlyCount "77"]
[GameId "2182021780549777"]
[EventDate "2025.05.19"]

1. a3 d5 2. Nf3 c6 3. g3 Nf6 4. Bg2 h6 5. O-O Bf5 6. b3 Nbd7 7. Bb2 e6 8. c4 Bd6 9. d4 dxc4 10. bxc4 O-O 11. Nbd2 Qb6 12. Bc3 Be7 13. Re1 Ne4 14. Nxe4 Bxe4 15. Nd2 Bxg2 16. Kxg2 Bf6 17. Rb1 Qc7 18. Qb3 Rab8 19. e3 c5 20. f3 Rfd8 21. a4 cxd4 22. exd4 e5 23. d5 Nc5 24. Qa3 Nd7 25. Bb4 Nb6 26. Ba5 Be7 27. Bxb6 axb6 28. Qe3 Bg5 29. f4 exf4 30. Qxb6 Qxb6 31. Rxb6 fxg3 32. Nf3 gxh2 33. Nxg5 h1=Q+ 34. Kxh1 hxg5 35. Re7 Kf8 36. Rexb7 Rxb7 37. Rxb7 Rc8 38. a5 Rxc4 39. a6 1-0

[Event "Campeonato Individual para Veteranos 65 de Madrid 2024-2025"]
[Site "Madrid ESP"]
[Date "2025.05.26"]
[Round "5.6"]
[White "Mauriello, Nunzio"]
[Black "Cabanas Bravo, Juan Andres"]
[Result "0-1"]
[WhiteElo "1742"]
[BlackElo "1911"]
[PlyCount "104"]
[GameId "2182031283998890"]
[EventDate "2025.05.19"]

1. d4 Nf6 2. Nf3 d5 3. c4 dxc4 4. Qa4+ Nfd7 5. e4 g6 6. Bxc4 Bg7 7. h3 O-O 8. Qd1 Nb6 9. Bb3 Na6 10. Nc3 c5 11. Be3 c4 12. Bc2 Nb4 13. Bb1 f5 14. a3 Nc6 15. d5 Ne5 16. Nxe5 Bxe5 17. Bd4 Qd6 18. Bxe5 Qxe5 19. O-O f4 20. f3 Qg5 21. Kh1 Nd7 22. Qe1 Ne5 23. Bc2 Qh5 24. Kh2 Rf6 25. Ne2 g5 26. Ng1 g4 27. fxg4 Nxg4+ 28. Kh1 Ne3 29. Bd1 Qe5 30. Rf2 Qxe4 31. Bf3 Qg6 32. Rc1 Bf5 33. Ne2 Qh6 34. Ng1 Kh8 35. Qd2 Bd3 36. b3 b5 37. Re1 Rg8 38. Ne2 Bxe2 39. Qxe2 Rg3 40. Kh2 Qg6 41. bxc4 bxc4 42. Qb2 Kg7 43. Rg1 Kh6 44. Qe5 Qf7 45. Be4 Rg5 46. Qd4 Ng4+ 47. Kh1 Nxf2+ 48. Qxf2 e5 49. Rd1 Rg3 50. Bf3 Qe7 51. Qc2 Qxa3 52. Qxc4 Rxf3 0-1

[Event "Campeonato Individual para Veteranos 65 de Madrid 2024-2025"]
[Site "Madrid ESP"]
[Date "2025.05.26"]
[Round "5.7"]
[White "Jimenez Ascarza, Jose Ignacio"]
[Black "Camarero Izquierdo, Juan Carlos"]
[Result "1/2-1/2"]
[WhiteElo "1704"]
[BlackElo "1892"]
[PlyCount "147"]
[GameId "2182111890153562"]
[EventDate "2025.05.19"]

1. e4 c5 2. Nf3 d6 3. d4 cxd4 4. Nxd4 Nf6 5. Nc3 a6 6. f3 e6 7. Be3 b5 8. a3 Bb7 9. Qd2 Nbd7 10. O-O-O Nb6 11. g4 Nfd7 12. g5 Ne5 13. b3 d5 14. Kb2 b4 15. axb4 Bxb4 16. Qf2 Bxc3+ 17. Kxc3 Qc7+ 18. Kb2 Nbd7 19. Bg2 O-O 20. h3 dxe4 21. f4 Ng6 22. f5 exf5 23. Nxf5 Rac8 24. Nd6 Rcd8 25. Nxb7 Qxb7 26. Rd4 f5 27. gxf6 Nxf6 28. Rhd1 Rxd4 29. Rxd4 a5 30. Qd2 Ra8 31. Rd8+ Nf8 32. Rxa8 Qxa8 33. Qd6 h6 34. Bf1 Kh7 35. Bb5 Ng6 36. Bc6 Qc8 37. Bd4 Ne8 38. Qd7 Qxd7 39. Bxd7 Nf6 40. Bf5 h5 41. c4 Kh6 42. Bxf6 gxf6 43. Bxe4 Nf4 44. c5 Ne6 45. c6 Kg5 46. Kc3 f5 47. Bg2 Kf4 48. Kc4 Kg3 49. Kd5 Nc7+ 50. Kd6 Nb5+ 51. Kc5 Nc7 52. Kb6 Kxg2 53. Kxc7 f4 54. Kb6 f3 55. c7 f2 56. c8=Q f1=Q 57. Qc6+ Kxh3 58. Kxa5 h4 59. b4 Qa1+ 60. Kb6 Kg3 61. Qd6+ Kg4 62. Qg6+ Kf4 63. Qh6+ Kg3 64. Qg5+ Kh3 65. b5 Qd4+ 66. Ka6 Qa4+ 67. Kb7 Qg4 68. Qxg4+ Kxg4 69. b6 h3 70. Ka7 h2 71. b7 h1=Q 72. b8=Q Qa1+ 73. Kb7 Qb1+ 74. Kc8 1/2-1/2

[Event "Campeonato Individual para Veteranos 65 de Madrid 2024-2025"]
[Site "Madrid ESP"]
[Date "2025.05.26"]
[Round "5.8"]
[White "Pinan Gaviria, Jose"]
[Black "Conchillo Roman, Jose Ignacio"]
[Result "1/2-1/2"]
[WhiteElo "1802"]
[BlackElo "1683"]
[PlyCount "118"]
[GameId "2182133678178433"]
[EventDate "2025.05.19"]

1. e4 c5 2. Nf3 d6 3. Bb5+ Bd7 4. Bxd7+ Nxd7 5. O-O e6 6. c3 Ngf6 7. Re1 Be7 8. d4 O-O 9. b3 e5 10. Nbd2 Qc7 11. d5 Rfe8 12. Nf1 Nf8 13. Ng3 Ng6 14. Nf5 Bf8 15. Bg5 Nd7 16. N3h4 Nxh4 17. Bxh4 g6 18. Ne3 Bg7 19. a4 f6 20. f3 a5 21. Qe2 Rf8 22. g4 Rf7 23. Nc4 Raf8 24. h3 f5 25. Rf1 f4 26. Na3 Qb6 27. Qb5 Bf6 28. Be1 Bd8 29. Nc4 Qc7 30. Bd2 h5 31. Kg2 hxg4 32. hxg4 Rh7 33. Rh1 Rff7 34. Na3 Bh4 35. Rag1 b6 36. Qf1 g5 37. Nb5 Qb8 38. Rh3 Nf8 39. Rgh1 Ng6 40. Qc4 Qd8 41. b4 axb4 42. cxb4 Qe7 43. Be1 Bxe1 44. Rxh7 Rxh7 45. Rxe1 Rh6 46. Rh1 Rxh1 47. Kxh1 Qh7+ 48. Kg1 Qh3 49. Qf1 Qg3+ 50. Qg2 Qe1+ 51. Qf1 Qxb4 52. Nxd6 Qd4+ 53. Kh1 Nh4 54. Nf5 Nxf5 55. gxf5 c4 56. Qg2 c3 57. Qxg5+ Kf8 58. Qf6+ Kg8 59. Qg6+ Kf8 1/2-1/2

[Event "Campeonato Individual para Veteranos 65 de Madrid 2024-2025"]
[Site "Madrid ESP"]
[Date "2025.05.26"]
[Round "5.9"]
[White "Gonzalez Rivera, Eduardo"]
[Black "De Los Rios Camacho, Juan Antoni"]
[Result "1-0"]
[WhiteElo "2004"]
[BlackElo "1752"]
[PlyCount "91"]
[GameId "2182488804651074"]
[EventDate "2025.05.19"]

1. e4 e5 2. Nf3 Nc6 3. Bc4 f5 4. d4 exd4 5. Nxd4 Nxd4 6. Qxd4 c5 7. Qe5+ Qe7 8. Qxf5 d5 9. Bb5+ Bd7 10. Bxd7+ Qxd7 11. Qxd7+ Kxd7 12. exd5 Re8+ 13. Be3 Nf6 14. c4 Ng4 15. Kd2 Bd6 16. h3 Nxe3 17. fxe3 Rhf8 18. Re1 Rf2+ 19. Re2 Rxe2+ 20. Kxe2 Bf4 21. Kf3 Bxe3 22. Nc3 Bd4 23. Ne4 Rf8+ 24. Ke2 b6 25. Rb1 a5 26. a4 h6 27. b3 Re8 28. Kd3 Rf8 29. Re1 Rf7 30. Re2 Re7 31. Nd2 Rxe2 32. Kxe2 Be5 33. Kd3 Kd6 34. Ke4 g6 35. Nf3 Bf6 36. Nh2 h5 37. Nf3 h4 38. Kf4 g5+ 39. Nxg5 Be5+ 40. Kf5 Bd4 41. Kg4 Bg7 42. Kxh4 Ke5 43. Nf3+ Kf4 44. Kh5 Kg3 45. Kg6 Bf8 46. Kf7 1-0

[Event "Campeonato Individual para Veteranos 65 de Madrid 2024-2025"]
[Site "Madrid ESP"]
[Date "2025.05.26"]
[Round "5.10"]
[White "Martin-Consuegra Barrilero, Javi"]
[Black "Pena De Jose, Juan Francisco"]
[Result "1-0"]
[WhiteElo "1825"]
[BlackElo "1660"]
[PlyCount "166"]
[GameId "2182598519390298"]
[EventDate "2025.05.19"]

1. d4 Nf6 2. Bg5 d5 3. Bxf6 exf6 4. e3 Bf5 5. Nd2 Be7 6. Ngf3 h6 7. g3 O-O 8. Bg2 c6 9. O-O Bh7 10. Re1 f5 11. Ne5 f6 12. Nd3 Nd7 13. c4 dxc4 14. Nxc4 Nb6 15. b3 Nd5 16. a3 Qc7 17. Rc1 b5 18. Bxd5+ cxd5 19. Ncb2 Qa5 20. a4 Ba3 21. axb5 Qxb5 22. Rc5 Bxc5 23. Nxc5 Qc6 24. Qf3 Rac8 25. Nbd3 a5 26. Nf4 Rfd8 27. Qh5 Rd6 28. h4 Qe8 29. Qf3 Qf7 30. Ra1 g5 31. hxg5 fxg5 32. Nfd3 f4 33. Ne5 Qc7 34. g4 fxe3 35. Qxe3 Rf8 36. Ra2 Rf4 37. f3 Rdf6 38. Ned7 Qd8 39. Nxf6+ Rxf6 40. Re2 Kf7 41. Kg2 Bg6 42. Qe5 Kg8 43. Re3 Bf7 44. Kg3 Kh7 45. Qe7 Qd6+ 46. Qxd6 Rxd6 47. Nb7 Rb6 48. Nxa5 Rb5 49. Nc6 Kg6 50. Ne5+ Kf6 51. Nxf7 Kxf7 52. f4 Rb4 53. Rd3 Kf6 54. fxg5+ Kxg5 55. Kf3 Rb8 56. Re3 Rb4 57. Re5+ Kf6 58. Rxd5 Rxb3+ 59. Kf4 Rb1 60. Rd6+ Kg7 61. Kf3 Ra1 62. d5 Rh1 63. Re6 Kf7 64. Re2 Rd1 65. Ke4 Kf6 66. Re3 Rd2 67. Rd3 Re2+ 68. Kd4 Rg2 69. Kc5 Rxg4 70. d6 Rh4 71. Kc6 Rc4+ 72. Kd7 Kf7 73. Rf3+ Kg7 74. Rf5 Kg6 75. Re5 Kf6 76. Re1 Rd4 77. Re6+ Kg5 78. Ke7 h5 79. d7 h4 80. Rd6 Re4+ 81. Kf7 Rf4+ 82. Kg7 Kg4 83. d8=Q Kg3 1-0

[Event "Campeonato Individual para Veteranos 65 de Madrid 2024-2025"]
[Site "Madrid ESP"]
[Date "2025.05.26"]
[Round "5.11"]
[White "Ghavami, Mahmoud"]
[Black "Alberdi Garcia, Carlos Alfonso"]
[Result "1-0"]
[WhiteElo "1610"]
[BlackElo "1769"]
[PlyCount "125"]
[GameId "2182609617727625"]
[EventDate "2025.05.19"]

1. d4 Nf6 2. c4 e5 3. d5 Bb4+ 4. Bd2 a5 5. a3 Bxd2+ 6. Qxd2 d6 7. Nc3 O-O 8. e4 Nbd7 9. Bd3 Nc5 10. Nge2 Nb3 11. Qd1 Nxa1 12. Qxa1 Bd7 13. O-O c6 14. f4 Ng4 15. Nd1 Qb6+ 16. Kh1 Ne3 17. Nxe3 Qxe3 18. Rf3 Qb6 19. f5 f6 20. Nc3 cxd5 21. Nxd5 Qd8 22. Qe1 Bc6 23. Nc3 Qe8 24. g4 g5 25. fxg6 hxg6 26. Nd5 Bxd5 27. exd5 Kg7 28. Be4 Rh8 29. Qf2 Qe7 30. Rc3 Rh6 31. h3 Rah8 32. Kh2 Rh4 33. Rg3 Qd7 34. Kg2 R4h6 35. b4 axb4 36. axb4 Rf8 37. Rf3 Rf7 38. g5 fxg5 39. c5 Rf4 40. c6 Qc8 41. Qe3 Rh8 42. b5 Rhf8 43. Qd3 Rxf3 44. Bxf3 Qf5 45. Qe2 Qc8 46. Qe3 Qf5 47. Qe2 Rf7 48. Bg4 Qf4 49. Be6 Re7 50. Qc2 Rxe6 51. dxe6 bxc6 52. bxc6 Qf8 53. c7 Qa8+ 54. Kg3 Qa3+ 55. Kf2 Qa7+ 56. Ke1 Qe3+ 57. Kd1 Qg1+ 58. Kd2 Qd4+ 59. Qd3 Qf2+ 60. Kc3 Qe1+ 61. Kc4 Qc1+ 62. Qc3 Qf4+ 63. Kd5 1-0

[Event "Campeonato Individual para Veteranos 65 de Madrid 2024-2025"]
[Site "Madrid ESP"]
[Date "2025.05.26"]
[Round "5.13"]
[White "Marcos Medina, Alejandro"]
[Black "Poblador Dieguez, Alfredo"]
[Result "1/2-1/2"]
[WhiteElo "1759"]
[BlackElo "1698"]
[PlyCount "122"]
[GameId "2182618932699312"]
[EventDate "2025.05.19"]

1. e4 c5 2. Nf3 d6 3. c3 Nf6 4. Qc2 a6 5. a4 b6 6. d4 cxd4 7. cxd4 Bb7 8. Bd3 Nc6 9. Bd2 Rc8 10. Nc3 Nb4 11. Qb1 Nxd3+ 12. Qxd3 g6 13. O-O Bg7 14. d5 O-O 15. Rfe1 Nd7 16. b4 Ne5 17. Nxe5 Bxe5 18. Ra3 Qc7 19. Rc1 Qc4 20. Ne2 Qxd3 21. Rxd3 Rxc1+ 22. Nxc1 Rc8 23. Ne2 Rc4 24. f3 Bc8 25. Bc3 Bxc3 26. Rxc3 Rxc3 27. Nxc3 Kf8 28. Kf2 e6 29. Ke3 Ke7 30. f4 Bd7 31. Kd4 f6 32. a5 e5+ 33. fxe5 fxe5+ 34. Ke3 bxa5 35. bxa5 Kf6 36. Nb1 g5 37. Na3 Ke7 38. Nc4 h5 39. Nd2 g4 40. Nf1 Kf6 41. Kf2 Kg5 42. g3 Bb5 43. Ne3 Bd3 44. Nf5 Bxe4 45. Nxd6 Bxd5 46. Ne8 Kg6 47. Nc7 Bc4 48. Ke3 Kf5 49. Ne8 Ke6 50. Ke4 Kd7 51. Ng7 Kc6 52. Nxh5 Kb5 53. Nf6 Be2 54. Kxe5 Kxa5 55. Kd4 Kb4 56. Nd5+ Kb3 57. Ke3 Bf3 58. Nb6 a5 59. h3 a4 60. Nxa4 Kxa4 61. hxg4 Bxg4 1/2-1/2

[Event "Campeonato Individual para Veteranos 65 de Madrid 2024-2025"]
[Site "Madrid ESP"]
[Date "2025.05.26"]
[Round "5.14"]
[White "Olmedo Camacho, Jose"]
[Black "Lopez Manso, Jeronimo"]
[Result "1-0"]
[WhiteElo "1752"]
[BlackElo "1547"]
[PlyCount "35"]
[GameId "2182697639194714"]
[EventDate "2025.05.19"]

1. e4 Nf6 2. Nc3 d5 3. e5 d4 4. exf6 dxc3 5. fxg7 cxd2+ 6. Bxd2 Bxg7 7. c3 Qd5 8. Nf3 Bg4 9. Be2 Nd7 10. Qa4 O-O 11. Qxg4 a6 12. Rd1 Nf6 13. Qh4 Qc6 14. O-O b5 15. Nd4 Qb6 16. Nf5 Ne8 17. Bd3 Bf6 18. Nxe7+ 1-0

[Event "Campeonato Individual para Veteranos 65 de Madrid 2024-2025"]
[Site "Madrid ESP"]
[Date "2025.05.26"]
[Round "5.15"]
[White "Martinez Rubio, Felipe"]
[Black "Tresguerres Riestra, Juan Jose"]
[Result "1-0"]
[WhiteElo "1748"]
[BlackElo "1487"]
[PlyCount "41"]
[GameId "2182699447513209"]
[EventDate "2025.05.19"]

1. e4 c6 2. d4 d5 3. f3 e5 4. dxe5 Bc5 5. Nc3 Qb6 6. Na4 Bf2+ 7. Ke2 Qb5+ 8. Kxf2 Qxa4 9. exd5 Bf5 10. b3 Qa5 11. c4 Qc7 12. d6 Qd7 13. Bd3 f6 14. Bb2 Qe6 15. Bxf5 Qxf5 16. Qe2 Kd7 17. exf6 gxf6 18. Rd1 Na6 19. Qd3 Qe6 20. Ne2 h5 21. Nf4 1-0

[Event "Campeonato Individual para Veteranos 65 de Madrid 2024-2025"]
[Site "Madrid ESP"]
[Date "2025.05.26"]
[Round "5.18"]
[White "Martinez Miura, Enrique"]
[Black "Vallespin Morales, Antonio"]
[Result "1/2-1/2"]
[WhiteElo "1680"]
[BlackElo "1530"]
[PlyCount "67"]
[GameId "2182738117066852"]
[EventDate "2025.05.19"]

1. e4 c5 2. Nf3 e6 3. d4 cxd4 4. Nxd4 a6 5. Be2 Qc7 6. O-O Be7 7. Nc3 Nf6 8. Be3 O-O 9. Qd2 Nc6 10. Rad1 Bb4 11. f3 b5 12. a3 Be7 13. b4 Bb7 14. Nxc6 Bxc6 15. Bd3 d5 16. exd5 Nxd5 17. Nxd5 Bxd5 18. Qf2 Rab8 19. Bd4 Bd6 20. Qh4 f5 21. Rfe1 Be7 22. Qf2 Bf6 23. Bxf6 Rxf6 24. Kh1 Rh6 25. h3 Rf8 26. Kg1 Rff6 27. Qe3 Qc6 28. Qe5 Qb6+ 29. Kh2 Rf8 30. Kh1 Rg6 31. Re2 Qb7 32. Rf1 Rgf6 33. Qf4 Qb8 34. Qxb8 1/2-1/2

[Event "Campeonato Individual para Veteranos 65 de Madrid 2024-2025"]
[Site "Madrid ESP"]
[Date "2025.05.26"]
[Round "5.19"]
[White "Garcia Marin, Blas"]
[Black "Benito Mellado, Humberto"]
[Result "0-1"]
[WhiteElo "1590"]
[BlackElo "1615"]
[PlyCount "52"]
[GameId "2182743174217863"]
[EventDate "2025.05.19"]

1. e4 c5 2. Nf3 d6 3. Nc3 g6 4. d4 cxd4 5. Nxd4 a6 6. Bc4 Nf6 7. h3 Bg7 8. Be3 O-O 9. Qf3 e6 10. O-O Nbd7 11. Bxe6 Ne5 12. Bxf7+ Rxf7 13. Qe2 b5 14. f4 Nc4 15. b3 Nxe3 16. Qxe3 Qe8 17. Qf3 Nxe4 18. Nde2 Bb7 19. Qd3 Rc8 20. Rae1 Nxc3 21. Nxc3 Qc6 22. Ne4 Re8 23. Nf6+ Bxf6 24. Rxe8+ Qxe8 25. Qxd6 Qe3+ 26. Rf2 Bd4 0-1

[Event "Campeonato Individual para Veteranos 65 de Madrid 2024-2025"]
[Site "Madrid ESP"]
[Date "2025.05.26"]
[Round "5.20"]
[White "Lozano Valverde, Eduardo"]
[Black "Salgado Duarte, Pablo"]
[Result "1/2-1/2"]
[WhiteElo "1454"]
[BlackElo "1618"]
[PlyCount "103"]
[GameId "2182745245749398"]
[EventDate "2025.05.19"]

1. c4 e5 2. g3 Nf6 3. Bg2 Nc6 4. Nc3 Bc5 5. e3 a6 6. Nge2 d6 7. O-O Bd7 8. a3 O-O 9. d4 exd4 10. exd4 Ba7 11. b4 h6 12. h3 Rb8 13. c5 dxc5 14. dxc5 Qe7 15. Be3 Rbd8 16. Qc2 b6 17. b5 axb5 18. Nxb5 bxc5 19. Nxa7 Nxa7 20. Bxc5 Qe5 21. Bxa7 Bb5 22. Rfe1 Bd3 23. Qc5 Qb2 24. Nf4 Be4 25. Qc1 Qb7 26. Be3 g5 27. Bxe4 Qxe4 28. Ng2 Qb7 29. Bxg5 Rd6 30. Bxh6 Ne4 31. Bxf8 Kxf8 32. Qc2 Ng5 33. Red1 Nxh3+ 34. Kf1 Qa6+ 35. Ke1 Qa5+ 36. Rd2 Qe5+ 37. Ne3 Qxa1+ 38. Rd1 Rxd1+ 39. Qxd1 Qc3+ 40. Kf1 Qf6 41. Ng4 Qf5 42. Qd8+ Kg7 43. Qd4+ f6 44. Kg2 Ng5 45. Qf4 Qd5+ 46. f3 Qa2+ 47. Nf2 Qc2 48. Kf1 Qb1+ 49. Ke2 Qc2+ 50. Qd2 Qc4+ 51. Qd3 Qa2+ 52. Qd2 1/2-1/2

[Event "Campeonato Individual para Veteranos 65 de Madrid 2024-2025"]
[Site "Madrid ESP"]
[Date "2025.05.27"]
[Round "6.1"]
[White "Martin Martin, Luis Vicente"]
[Black "Pastor Alonso De Prado, Alberto"]
[Result "0-1"]
[WhiteElo "1958"]
[BlackElo "1977"]
[PlyCount "86"]
[GameId "2182968024699104"]
[EventDate "2025.05.19"]

1. d4 d5 2. Nf3 c5 3. dxc5 e6 4. e3 Bxc5 5. a3 Nc6 6. c4 Nf6 7. b4 Be7 8. Bb2 O-O 9. Nbd2 b6 10. Be2 dxc4 11. Bxc4 Bb7 12. O-O Nd7 13. Qb3 a5 14. Bc3 axb4 15. axb4 Qc7 16. Rac1 Qb8 17. Bb5 Rc8 18. Rfd1 Nde5 19. Be2 Bf6 20. Nd4 Nxd4 21. Bxd4 Bd5 22. Rxc8+ Qxc8 23. Qb2 Nd7 24. Bxf6 Nxf6 25. Rc1 Qd8 26. Qd4 e5 27. Qxe5 Bxg2 28. Kxg2 Qxd2 29. Bf3 Qxc1 30. Bxa8 Qc8 31. Bf3 Qd8 32. Qd4 Qxd4 33. exd4 Kf8 34. Kg3 Ke7 35. Kf4 Kd6 36. Ke3 Nd5+ 37. Bxd5 Kxd5 38. Kd3 g5 39. f3 b5 40. h3 f5 41. Ke3 h5 42. f4 g4 43. hxg4 hxg4 0-1

[Event "Campeonato Individual para Veteranos 65 de Madrid 2024-2025"]
[Site "Madrid ESP"]
[Date "2025.05.27"]
[Round "6.2"]
[White "Barahona Torrijos, Angel"]
[Black "Garcia Galeote, Lorenzo"]
[Result "1-0"]
[WhiteElo "1815"]
[BlackElo "1894"]
[PlyCount "91"]
[GameId "2182971960422642"]
[EventDate "2025.05.19"]

1. d4 g6 2. e4 Bg7 3. Nf3 d6 4. Bc4 e6 5. O-O Ne7 6. Nc3 O-O 7. Bg5 h6 8. Be3 a6 9. a4 b6 10. Qd2 Kh7 11. Ne1 e5 12. dxe5 dxe5 13. Rd1 Qxd2 14. Rxd2 f5 15. f3 Nd7 16. Nd5 Nxd5 17. Bxd5 Rb8 18. Bc6 Nf6 19. Nd3 fxe4 20. fxe4 Ng4 21. Rxf8 Bxf8 22. Bf2 Bb7 23. Bxb7 Rxb7 24. Bg3 Bd6 25. h3 Nf6 26. Bxe5 Nxe4 27. Re2 Nc5 28. b3 Nxd3 29. cxd3 Bxe5 30. Rxe5 c6 31. Re6 Rc7 32. Kf2 Kg7 33. d4 b5 34. Ke3 Kf7 35. Rd6 Re7+ 36. Kd3 bxa4 37. bxa4 Re6 38. Rd7+ Re7 39. Rd8 Re8 40. Rxe8 Kxe8 41. Kc4 Kd7 42. Kc5 g5 43. Kb6 Kd6 44. Kxa6 c5 45. Kb5 cxd4 46. Kc4 1-0